[Event "Bruges op-B"]
[Site "Bruges"]
[Date "2022.08.16"]
[Round "6"]
[White "Turicar, Goran"]
[Black "Froeyman, Hugo"]
[Result "0-1"]
[WhiteElo "1749"]
[BlackElo "1652"]
[PlyCount "100"]
[EventDate "2022.08.13"]
[EventType "swiss"]
[EventRounds "9"]
[EventCountry "BEL"]
[SourceTitle "CBM 209 Extra"]
[Source "ChessBase"]
[SourceDate "2022.09.30"]
[SourceVersion "1"]
[SourceVersionDate "2022.09.30"]
[SourceQuality "1"]

1. e4 c6 2. Nf3 d5 3. exd5 cxd5 4. c4 Nf6 5. cxd5 Nxd5 6. Nc3 Nxc3 7. bxc3 g6 8. Bc4 Bg7 9. 0-0 0-0 10. d4 Nc6 11. Bg5 Qc7 12. Bb3 e6 13. Qd2 b6 14. Rac1 Na5 15. Bf4 Qd8 16. Bh6 Bb7 17. Bxg7 Kxg7 18. Qf4 Rc8 19. h4 Bxf3 20. gxf3 Qf6 21. Qxf6+ Kxf6 22. Kg2 Nc4 23. Kg3 Rfd8 24. Rfe1 Rd5 25. f4 Ra5 26. Re2 Ra3 27. Bd1 Nd6 28. Kg2 Raxc3 29. Rb1 Nf5 30. h5 Nxd4 31. Rd2 Nf5 32. hxg6 hxg6 33. Rd7 R8c7 34. Rxc7 Rxc7 35. Rb4 Nd6 36. Bb3 Nf5 37. Kf3 Rc3+ 38. Ke2 Rc6 39. Kd3 g5 40. fxg5+ Kxg5 41. Ba4 Rc5 42. Bb3 Ne7 43. f3 Nc6 44. Rg4+ Kf6 45. Ke2 a5 46. Rf4+ Ke7 47. Kf2 Nb4 48. Kg3 Nd3 49. Re4 Nc1 50. Bd1 Nxa2 0-1

[Event "Bruges op-B"]
[Site "Bruges"]
[Date "2022.08.14"]
[Round "2"]
[White "Evens, Joris"]
[Black "Froeyman, Hugo"]
[Result "0-1"]
[WhiteElo "1444"]
[BlackElo "1652"]
[PlyCount "46"]
[EventDate "2022.08.13"]
[EventType "swiss"]
[EventRounds "9"]
[EventCountry "BEL"]
[SourceTitle "CBM 209 Extra"]
[Source "ChessBase"]
[SourceDate "2022.09.30"]
[SourceVersion "1"]
[SourceVersionDate "2022.09.30"]
[SourceQuality "1"]

1. c4 Nf6 2. Nc3 d5 3. e3 g6 4. Nf3 Bg7 5. d4 0-0 6. Bd3 c6 7. b3 Na6 8. Bb2 Nb4 9. Bb1 Be6 10. Ne5 dxc4 11. bxc4 Nd7 12. Nd3 Qb6 13. Qb3 a5 14. 0-0 f5 15. Nf4 Bf7 16. d5 Nc5 17. Qd1 cxd5 18. Nfxd5 Nxd5 19. Na4 Nxa4 20. Bxg7 Kxg7 21. cxd5 Nc3 22. Qd4+ Qxd4 23. exd4 Nxd5 0-1

[Event "NED-ch U12 op"]
[Site "Borne"]
[Date "2019.08.09"]
[Round "11"]
[White "Koene, Noel"]
[Black "Froeyman, Hugo"]
[Result "0-1"]
[WhiteElo "1323"]
[BlackElo "1435"]
[PlyCount "144"]
[EventDate "2019.08.05"]
[EventType "swiss"]
[EventRounds "13"]
[EventCountry "NED"]
[SourceTitle "EXT 2020"]
[Source "ChessBase"]
[SourceDate "2019.10.17"]
[SourceVersion "1"]
[SourceVersionDate "2019.10.17"]
[SourceQuality "1"]

1. e4 c6 2. d4 d5 3. Nc3 dxe4 4. Nxe4 Bf5 5. Ng3 Bg6 6. h4 h6 7. h5 Bh7 8. Nf3 Nd7 9. Bf4 e6 10. Bd3 Bxd3 11. Qxd3 Ngf6 12. Ne4 Nxe4 13. Qxe4 Nf6 14. Qd3 Be7 15. 0-0-0 Qa5 16. Kb1 0-0-0 17. Qc4 Nd5 18. Bh2 Qb6 19. Rd3 Nf6 20. Rb3 Qa5 21. Ne5 Qd5 22. Qxd5 Rxd5 23. Rd1 Rf8 24. c4 Rdd8 25. Rc3 Nxh5 26. Rcc1 Nf6 27. d5 exd5 28. cxd5 Nxd5 29. a4 Bd6 30. Rxd5 f6 31. Rxd6 Rxd6 32. Ng6 Rfd8 33. Bxd6 Rxd6 34. Nf4 Rd2 35. Nh3 g5 36. g4 Rd4 37. f3 Rxa4 38. Re1 Kd7 39. Kc2 Ra5 40. f4 Ra4 41. fxg5 hxg5 42. Nf2 Rf4 43. Ne4 Kc7 44. Kc3 Rxg4 45. Nxf6 Rg3+ 46. Kc2 Rg2+ 47. Kc1 g4 48. Ne4 Kb6 49. Kb1 Ka5 50. Re3 Kb4 51. Ra3 a5 52. Nd6 b5 53. Ka2 a4 54. Nb7 c5 55. Re3 g3 56. Nd8 Ka5 57. Re6 c4 58. Ka3 b4+ 59. Ka2 a3 60. Nb7+ Kb5 61. Nd6+ Kc5 62. Ka1 axb2+ 63. Kb1 c3 64. Rf6 b3 65. Rf5+ Kc6 66. Rf1 Rc2 67. Ne4 g2 68. Rf6+ Kd5 69. Rd6+ Ke5 70. Rd5+ Kxd5 71. Nxc3+ Rxc3 72. Kxb2 Rc2+ 0-1

[Event "NED-ch U12 op"]
[Site "Borne"]
[Date "2019.08.08"]
[Round "8"]
[White "Froeyman, Hugo"]
[Black "Coffeng, Jay"]
[Result "1-0"]
[WhiteElo "1435"]
[BlackElo "1185"]
[PlyCount "153"]
[EventDate "2019.08.05"]
[EventType "swiss"]
[EventRounds "13"]
[EventCountry "NED"]
[SourceTitle "EXT 2020"]
[Source "ChessBase"]
[SourceDate "2019.10.17"]
[SourceVersion "1"]
[SourceVersionDate "2019.10.17"]
[SourceQuality "1"]

1. e4 e5 2. Nf3 Nc6 3. Nc3 Nf6 4. Bb5 Bb4 5. 0-0 0-0 6. d3 Re8 7. Bg5 h6 8. Bh4 Be7 9. Bxc6 bxc6 10. Nxe5 Rb8 11. Rb1 Ba6 12. Nf3 d5 13. exd5 Nxd5 14. Bxe7 Rxe7 15. Ne4 Bc8 16. Nd4 Rb6 17. Re1 f5 18. Ng3 Rf7 19. Qd2 f4 20. Ne4 c5 21. Nxc5 Rg6 22. Nce6 Bxe6 23. Rxe6 Rxe6 24. Nxe6 Qd7 25. Nc5 Qf5 26. Ne4 f3 27. Ng3 Qf6 28. gxf3 Qxf3 29. Qe2 Qf6 30. c3 Nf4 31. Qe3 Nh3+ 32. Kg2 Nf4+ 33. Kh1 Nh3 34. f3 Qxf3+ 35. Qxf3 Rxf3 36. Kg2 Ng5 37. h4 Rxd3 38. hxg5 hxg5 39. Rf1 g4 40. Rf4 Rd2+ 41. Rf2 Rd3 42. Ne4 Kh7 43. Rd2 Re3 44. Nf2 g3 45. Nh1 Re1 46. Nxg3 Ra1 47. a3 Rb1 48. Ne4 a6 49. Ng5+ Kg6 50. Ne6 c6 51. Nd8 c5 52. Nb7 c4 53. Nd6 Kf6 54. Nxc4 Kf5 55. Rd1 Rxd1 56. Ne3+ Ke4 57. Nxd1 g6 58. Nf2+ Ke3 59. b4 g5 60. c4 Kd4 61. c5 Kd5 62. Nd3 Kc6 63. Kg3 Kd5 64. Kg4 Kc6 65. Kxg5 Kd5 66. Kf4 Kc6 67. Ke4 Kd7 68. Kd5 Kc7 69. a4 a5 70. b5 Kb7 71. Kd6 Kc8 72. b6 Kb7 73. c6+ Kc8 74. c7 Kb7 75. Nc5+ Kxb6 76. c8Q Ka7 77. Qb7# 1-0

[Event "NED-ch U12 op"]
[Site "Borne"]
[Date "2019.08.06"]
[Round "4"]
[White "Froeyman, Hugo"]
[Black "Pick, Max"]
[Result "0-1"]
[WhiteElo "1435"]
[BlackElo "1515"]
[PlyCount "92"]
[EventDate "2019.08.05"]
[EventType "swiss"]
[EventRounds "13"]
[EventCountry "NED"]
[SourceTitle "EXT 2020"]
[Source "ChessBase"]
[SourceDate "2019.10.17"]
[SourceVersion "1"]
[SourceVersionDate "2019.10.17"]
[SourceQuality "1"]

1. e4 e6 2. d4 d5 3. exd5 exd5 4. Bd3 Bd6 5. Qf3 c6 6. Ne2 Be6 7. 0-0 Nf6 8. h3 Nbd7 9. Bf4 Bxf4 10. Nxf4 0-0 11. Nd2 Qb6 12. Nb3 a5 13. a4 Rfe8 14. Rfe1 Re7 15. Re2 Rae8 16. Rae1 Qb4 17. Ra1 Nf8 18. Ra3 b6 19. c3 Qd6 20. Ra1 h6 21. Rae1 N8h7 22. Nh5 Bd7 23. Nxf6+ Nxf6 24. Re3 Kf8 25. Re5 Rxe5 26. Rxe5 Rxe5 27. dxe5 Qxe5 28. Kf1 c5 29. Bb5 Bxb5+ 30. axb5 Qe4 31. Qxe4 Nxe4 32. Ke2 Ke7 33. Nd2 Nxd2 34. Kxd2 Ke6 35. Kd3 Ke5 36. g3 g5 37. f3 a4 38. c4 d4 39. Ke2 f5 40. Kd3 h5 41. Ke2 h4 42. f4+ gxf4 43. gxh4 Kf6 44. Kf3 d3 45. Kf2 Kg6 46. Ke1 f3 0-1